Amor, sexo y matrimonio en Chile tradicional

Gespeichert in:
Bibliographische Detailangaben
1. Verfasser: Cavieres Figueroa, Eduardo Lincoyán (autor)
Weitere Verfasser: Salinas Meza, René (autor)
Format: Buch
Sprache:Spanisch
Veröffentlicht: Valparaíso Universidad Católica de Valparaíso 1991
Schriftenreihe:Serie monografias históricas, 5-1991
Schlagworte:
Tags: Tag hinzufügen
Keine Tags, Fügen Sie den ersten Tag hinzu!

MARC

LEADER 00000cam a2200000 a 4500
001 UCV2444
003 CL-VaPUC
008 920716e19910000CL |||||||||||||||||spa|d
082 0 4 |a 173  |b CAV  |2 21 
100 |a Cavieres Figueroa, Eduardo Lincoyán  |e autor  |9 884614 
700 |a Salinas Meza, René  |e autor  |9 314075 
245 1 0 |a Amor, sexo y matrimonio en Chile tradicional 
300 |a 160 p 
942 |c BK 
945 |d 19920716 00:00:00  |a rbrito 
260 |a Valparaíso  |b Universidad Católica de Valparaíso  |c 1991 
650 0 |a Amor  |9 257817 
650 0 |a Sexo  |9 257818 
650 7 |a MATRIMONIO  |2 CL-VaPUC  |9 296691 
650 0 |a Vida social y costumbres  |y Siglos 18-19  |9 257820 
651 7 |a CHILE  |2 CL-VaPUC  |9 296692 
583 |a last modification  |c 20160624 03:12:00  |k Rodrigo Vera 
490 0 |a Serie monografias históricas, 5-1991 
999 |c 210013  |d 210011 
952 |0 0  |1 0  |2 ddc  |4 0  |6 173_000000000000000_CAV_1991  |7 0  |8 DER_HDC  |9 185945  |a BIBDER  |b BIBDER  |d 2019-11-14  |i 2534398  |o 173 CAV 1991  |p 2534398  |r 2023-01-25  |w 2019-11-14  |y BK  |k DER 
952 |0 0  |1 0  |4 0  |6 173_000000000000000_CAV_1991  |7 0  |8 A  |9 185946  |a BIBEDU  |b BIBEDU  |d 2019-11-14  |i 2972565  |o 173 CAV 1991  |p 2972565  |r 2019-11-14  |w 2019-11-14  |y BK  |k EDU 
952 |0 0  |1 0  |4 0  |6 173_000000000000000_CAV_1991  |7 0  |8 A  |9 185947  |a BIBHIS  |b BIBHIS  |d 2019-11-14  |i 125071K  |o 173 CAV 1991  |p 125071K  |r 2025-01-20  |w 2019-11-14  |y BK  |k HIS 
952 |0 0  |1 0  |4 0  |6 173_000000000000000_CAV_1991  |7 0  |8 A  |9 185948  |a BIBHIS  |b BIBHIS  |d 2019-11-14  |i 1250736  |l 6  |m 1  |o 173 CAV 1991  |p 1250736  |r 2025-01-20  |s 2023-06-09  |w 2019-11-14  |y BK  |k HIS 
952 |0 0  |1 0  |4 0  |6 173_000000000000000_CAV_1991  |7 0  |8 A  |9 185949  |a BIBHIS  |b BIBHIS  |d 2019-11-14  |i 1250728  |l 6  |o 173 CAV 1991  |p 1250728  |r 2025-01-20  |s 2024-04-26  |w 2019-11-14  |y BK  |k HIS 
952 |0 0  |1 0  |4 0  |6 173_000000000000000_CAV_1991  |7 0  |8 A  |9 185950  |a BIBHIS  |b BIBHIS  |d 2019-11-14  |i 3985822  |l 4  |o 173 CAV 1991  |p 3985822  |r 2025-01-20  |s 2024-10-22  |w 2019-11-14  |y BK  |k HIS 
952 |0 0  |1 0  |3 erb  |4 0  |6 173_000000000000000_CAV_1991  |7 0  |8 A  |9 185951  |a FDOHBE  |b FDOHBE  |e Huesbe Llanos, Marco Antonio, 1934-  |i 5331331  |o 173 CAV 1991  |p 5331331  |r 2024-01-30  |w 2019-11-14  |y BK  |z Catalogado en:20160701  |k HBE